UBT Library

Glencoe algebra 1 / [John A. Carter, Ph.D., Gilbert J. Cuevas, Ph.D., Roger Day, Ph.D., NBCT, Carol Malloy, Ph.D.]. (Record no. 44754)

000 -LEADER
fixed length control field 00926cam a22003137i 4500
001 - CONTROL NUMBER
control field 19991900
005 - DATE AND TIME OF LATEST TRANSACTION
control field 20180312085500.0
008 - FIXED-LENGTH DATA ELEMENTS--GENERAL INFORMATION
fixed length control field 170914s2018 waua 000 0 eng d
010 ## - LIBRARY OF CONGRESS CONTROL NUMBER
LC control number 2017302769
020 ## - INTERNATIONAL STANDARD BOOK NUMBER
International Standard Book Number 9780078985157
020 ## - INTERNATIONAL STANDARD BOOK NUMBER
International Standard Book Number 0078985153
020 ## - INTERNATIONAL STANDARD BOOK NUMBER
International Standard Book Number 9780078985188
020 ## - INTERNATIONAL STANDARD BOOK NUMBER
International Standard Book Number 0078985188
035 ## - SYSTEM CONTROL NUMBER
System control number (OCoLC)on1020791136
040 ## - CATALOGING SOURCE
Original cataloging agency VRA
Language of cataloging eng
Transcribing agency VRA
Description conventions rda
Modifying agency DLC
041 ## - LANGUAGE CODE
Language code of text/sound track or separate title eng
042 ## - AUTHENTICATION CODE
Authentication code lccopycat
080 ## - UNIVERSAL DECIMAL CLASSIFICATION NUMBER
Universal Decimal Classification number 510
082 ## - DEWEY DECIMAL CLASSIFICATION NUMBER
Edition number 510 CAR
100 1# - Rafti
Rafti 36
101 ## - Shkurtesa
Shkurtesa MAT
245 10 - TITLE STATEMENT
Title Glencoe algebra 1 / [John A. Carter, Ph.D., Gilbert J. Cuevas, Ph.D., Roger Day, Ph.D., NBCT, Carol Malloy, Ph.D.].
246 3# - VARYING FORM OF TITLE
Title proper/short title Algebra 1
246 3# - VARYING FORM OF TITLE
Title proper/short title Algebra one
906 ## - LOCAL DATA ELEMENT F, LDF (RLIN)
a 7
b cbc
c copycat
d 2
e ncip
f 20
g y-gencatlg
942 ## - ADDED ENTRY ELEMENTS (KOHA)
Source of classification or shelving scheme
Item type Books
Holdings
Withdrawn status Lost status Source of classification or shelving scheme Damaged status Not for loan Collection code Permanent location Current location Shelving location Date acquired Total Checkouts Full call number Barcode Date last seen Price effective from Koha item type
          Koleksioni i përgjithshem UBT - Lipjan UBT - Lipjan Koleksioni i përgjithshem 03/12/2018   510 CAR 002-3001788 03/12/2018 03/12/2018 Books
UBT Library © 2015-2024. All rights reserved University Education for Business and Technology